Informe sobre los campos eléctricos y los campos magnéticos : líneas de alta tensión líneas de alta tensión
Descripción Física:
[132] f. ; 29 cm
MARC
| LEADER | 00000nam a2200000Ia 4500 | ||
|---|---|---|---|
| 001 | 22344 | ||
| 008 | 160829s1997 xx 000 0 cat d | ||
| 080 | |a C-3-268 | ||
| 245 | |a Informe sobre los campos eléctricos y los campos magnéticos : |b líneas de alta tensión | ||
| 260 | |a Barcelona : |b Diputació de Barcelona. Àrea de Medi Ambient. Servei de Medi Ambient, |c 1997 | ||
| 300 | |a [132] f. ; |c 29 cm | ||
| 590 | |a Enquadernat en espiral. | ||
| 590 | |a Recull de ponències presentades | ||
| 650 | |a Camps elèctrics |9 42167 | ||
| 650 | |a Camps magnètics |9 42168 | ||
| 650 | |a Camps electromagnètics I |9 42169 | ||
| 650 | |a Camps electromagnètics |x Aspectes fisiològics |9 42170 | ||
| 710 | 1 | |a Barcelona (Catalunya : Província). |b Servei de Medi Ambient |9 53475 | |
| 901 | |a Arxiu | ||
| 942 | |n 1 | ||
| 952 | |0 0 |1 0 |4 0 |6 C3268 |7 1 |9 50694 |a Arxiu |b Arxiu |d 2016-12-01 |l 0 |o C-3-268 |p 22344 |r 2016-12-01 00:00:00 |w 2016-12-01 |y ARXIU | ||
| 999 | |c 54536 |d 54536 | ||